[Event "2024 National Middle School Championship"]
[Site "Atlanta, Georgia, United States"]
[Date "2024.05.12"]
[Round "6.6"]
[White "Rao, Anjaneya Sripathy"]
[Black "Meng, Joshua"]
[Result "1-0"]
[TimeControl "G/90;d10"]
[WhiteElo "2182"]
[BlackElo "2091"]

1. e4 {[%clk 01:30:00]} {[%emt 00:00:03]} c5 {[%clk 01:30:00]} {[%emt
00:00:03]} 2. Nf3 {[%clk 01:30:00]} {[%emt 00:00:07]} Nc6 {[%clk 01:30:00]}
{[%emt 00:00:03]} 3. Bb5 {[%clk 01:30:00]} {[%emt 00:00:06]} g6 {[%clk
01:30:00]} {[%emt 00:00:04]} 4. Bxc6 {[%clk 01:30:00]} {[%emt 00:00:06]} bxc6
{[%clk 01:30:00]} {[%emt 00:00:03]} 5. O-O {[%clk 01:29:03]} {[%emt 00:01:07]}
Bg7 {[%clk 01:30:00]} {[%emt 00:00:05]} 6. Re1 {[%clk 01:27:49]} {[%emt
00:01:24]} Nf6 {[%clk 01:26:02]} {[%emt 00:04:08]} 7. e5 {[%clk 01:26:31]}
{[%emt 00:01:28]} Nd5 {[%clk 01:25:49]} {[%emt 00:00:23]} 8. c4 {[%clk
01:25:46]} {[%emt 00:00:54]} Nc7 {[%clk 01:25:11]} {[%emt 00:00:49]} 9. d4
{[%clk 01:25:37]} {[%emt 00:00:18]} cxd4 {[%clk 01:23:51]} {[%emt 00:01:31]} 10.
Qxd4 {[%clk 01:25:37]} {[%emt 00:00:08]} O-O {[%clk 01:17:02]} {[%emt
00:06:59]} 11. Nc3 {[%clk 01:22:03]} {[%emt 00:03:44]} Ne6 {[%clk 01:05:10]}
{[%emt 00:12:02]} 12. Qh4 {[%clk 01:21:52]} {[%emt 00:00:20]} f6 {[%clk
00:56:31]} {[%emt 00:08:49]} 13. Ne4 {[%clk 01:14:19]} {[%emt 00:07:42]} fxe5
{[%clk 00:47:09]} {[%emt 00:09:32]} 14. Neg5 {[%clk 01:13:34]} {[%emt
00:00:54]} Nxg5 {[%clk 00:47:01]} {[%emt 00:00:19]} 15. Bxg5 {[%clk 01:11:10]}
{[%emt 00:02:34]} Rf5 {[%clk 00:38:08]} {[%emt 00:09:03]} 16. Bxe7 {[%clk
01:09:44]} {[%emt 00:01:35]} Qe8 {[%clk 00:37:31]} {[%emt 00:00:47]} 17. Bd6
{[%clk 01:06:54]} {[%emt 00:03:00]} Ba6 {[%clk 00:33:53]} {[%emt 00:03:49]} 18.
b3 {[%clk 00:58:34]} {[%emt 00:08:30]} Qe6 {[%clk 00:28:23]} {[%emt 00:05:40]}
19. Rad1 {[%clk 00:57:28]} {[%emt 00:01:15]} Rf4 {[%clk 00:22:14]} {[%emt
00:06:20]} 20. Qxf4 {[%clk 00:53:55]} {[%emt 00:03:43]} exf4 {[%clk 00:22:14]}
{[%emt 00:00:09]} 21. Rxe6 {[%clk 00:53:55]} {[%emt 00:00:05]} dxe6 {[%clk
00:22:14]} {[%emt 00:00:03]} 22. Bxf4 {[%clk 00:53:52]} {[%emt 00:00:13]} Rf8
{[%clk 00:18:12]} {[%emt 00:04:12]} 23. Be3 {[%clk 00:53:32]} {[%emt 00:00:31]}
e5 {[%clk 00:17:49]} {[%emt 00:00:31]} 24. Ng5 {[%clk 00:47:11]} {[%emt
00:06:30]} Bc8 {[%clk 00:17:00]} {[%emt 00:01:00]} 25. h3 {[%clk 00:44:01]}
{[%emt 00:03:20]} h6 {[%clk 00:14:37]} {[%emt 00:02:33]} 26. Ne4 {[%clk
00:43:58]} {[%emt 00:00:13]} Bf5 {[%clk 00:13:59]} {[%emt 00:00:49]} 27. Nc5
{[%clk 00:41:29]} {[%emt 00:02:37]} g5 {[%clk 00:12:16]} {[%emt 00:01:54]} 28.
Nb7 {[%clk 00:39:05]} {[%emt 00:02:34]} Rf7 {[%clk 00:09:22]} {[%emt 00:03:05]}
29. Rd8+ {[%clk 00:37:48]} {[%emt 00:01:26]} Kh7 {[%clk 00:09:15]} {[%emt
00:00:17]} 30. Nd6 {[%clk 00:37:34]} {[%emt 00:00:24]} Rd7 {[%clk 00:09:15]}
{[%emt 00:00:08]} 31. Rxd7 {[%clk 00:37:16]} {[%emt 00:00:28]} Bxd7 {[%clk
00:09:15]} 32. Bxa7 {[%clk 00:37:15]} {[%emt 00:00:11]} Kg6 {[%clk 00:08:29]}
{[%emt 00:00:56]} 33. g4 {[%clk 00:35:56]} {[%emt 00:01:29]} Bf8 {[%clk
00:07:29]} {[%emt 00:01:10]} 34. Ne4 {[%clk 00:35:51]} {[%emt 00:00:14]} Kf7
{[%clk 00:06:23]} {[%emt 00:01:17]} 35. Bc5 {[%clk 00:35:26]} {[%emt 00:00:34]}
Bg7 {[%clk 00:06:13]} {[%emt 00:00:21]} 36. a4 {[%clk 00:33:51]} {[%emt
00:01:44]} Ke6 {[%clk 00:05:36]} {[%emt 00:00:48]} 37. a5 {[%clk 00:31:50]}
{[%emt 00:02:11]} Bc8 {[%clk 00:05:36]} {[%emt 00:00:07]} 38. Kf1 {[%clk
00:31:20]} {[%emt 00:00:40]} Kd7 {[%clk 00:04:23]} {[%emt 00:01:23]} 39. Ke2
{[%clk 00:30:13]} {[%emt 00:01:17]} Kc7 {[%clk 00:04:22]} {[%emt 00:00:11]} 40.
Ke3 {[%clk 00:29:35]} {[%emt 00:00:47]} Ba6 {[%emt 00:01:07]} 41. Ng3 {[%clk
00:28:37]} {[%emt 00:01:05]} Bc8 {[%clk 00:03:27]} {[%emt 00:00:09]} 42. Ke4
{[%clk 00:28:33]} {[%emt 00:00:14]} Kb7 {[%clk 00:03:27]} {[%emt 00:00:10]} 43.
Nf5 {[%clk 00:28:22]} {[%emt 00:00:20]} 1-0

[Event "2024 National Middle School Championship"]
[Site "Atlanta, Georgia, United States"]
[Date "2024.05.12"]
[Round "6.7"]
[White "Shangin, Lev"]
[Black "Bates, Evan"]
[Result "1-0"]
[TimeControl "G/90;d10"]
[WhiteElo "2170"]
[BlackElo "1778"]

1. d4 {[%clk 01:30:00]} {[%emt 00:00:03]} Nf6 {[%clk 01:30:00]} {[%emt
00:00:08]} 2. c4 {[%clk 01:30:00]} {[%emt 00:00:05]} e6 {[%clk 01:30:00]}
{[%emt 00:00:09]} 3. Nf3 {[%clk 01:30:00]} {[%emt 00:00:08]} b6 {[%clk
01:29:55]} {[%emt 00:00:17]} 4. a3 {[%clk 01:29:43]} {[%emt 00:00:27]} Be7
{[%clk 01:28:42]} {[%emt 00:01:22]} 5. Nc3 {[%clk 01:29:27]} {[%emt 00:00:25]}
Bb7 {[%clk 01:28:02]} {[%emt 00:00:52]} 6. d5 {[%clk 01:27:40]} {[%emt
00:01:57]} O-O {[%clk 01:25:19]} {[%emt 00:02:53]} 7. e4 {[%clk 01:26:04]}
{[%emt 00:01:45]} d6 {[%clk 01:24:13]} {[%emt 00:01:17]} 8. Be2 {[%clk
01:25:05]} {[%emt 00:01:08]} e5 {[%clk 01:19:37]} {[%emt 00:04:46]} 9. O-O
{[%clk 01:24:56]} {[%emt 00:00:19]} Ne8 {[%clk 01:18:25]} {[%emt 00:01:22]} 10.
Be3 {[%clk 01:20:31]} {[%emt 00:04:35]} g6 {[%clk 01:17:13]} {[%emt 00:01:22]}
11. Qd2 {[%clk 01:17:55]} {[%emt 00:02:46]} f5 {[%clk 01:14:42]} {[%emt
00:02:41]} 12. exf5 {[%clk 01:17:19]} {[%emt 00:00:46]} gxf5 {[%clk 01:14:33]}
{[%emt 00:00:19]} 13. Bg5 {[%clk 01:16:04]} {[%emt 00:01:25]} Bc8 {[%clk
01:09:35]} {[%emt 00:05:08]} 14. Bxe7 {[%clk 01:13:48]} {[%emt 00:02:26]} Qxe7
{[%clk 01:09:35]} {[%emt 00:00:09]} 15. Qg5+ {[%clk 01:13:48]} {[%emt
00:00:02]} Qxg5 {[%clk 01:07:46]} {[%emt 00:02:00]} 16. Nxg5 {[%clk 01:13:48]}
{[%emt 00:00:02]} h6 {[%clk 01:06:22]} {[%emt 00:01:33]} 17. Ne6 {[%clk
01:07:48]} {[%emt 00:06:11]} Bxe6 {[%clk 01:01:27]} {[%emt 00:05:05]} 18. dxe6
{[%clk 01:07:35]} {[%emt 00:00:23]} c6 {[%clk 00:54:22]} {[%emt 00:07:15]} 19.
Bh5 {[%clk 01:03:15]} {[%emt 00:04:29]} Na6 {[%emt 00:03:39]} 20. Rad1 {[%clk
01:02:16]} Nac7 {[%clk 00:49:26]} {[%emt 00:02:47]} 21. Bxe8 {[%clk 00:56:50]}
{[%emt 00:05:36]} Nxe8 {[%clk 00:44:11]} {[%emt 00:05:26]} 22. f4 {[%clk
00:54:08]} {[%emt 00:02:50]} Kg7 {[%clk 00:38:45]} {[%emt 00:05:37]} 23. fxe5
{[%clk 00:52:51]} {[%emt 00:01:26]} dxe5 {[%clk 00:38:15]} {[%emt 00:00:40]} 24.
g4 {[%clk 00:48:02]} {[%emt 00:04:59]} f4 {[%clk 00:34:03]} {[%emt 00:04:23]}
25. Ne4 {[%clk 00:45:33]} {[%emt 00:02:38]} Nf6 {[%clk 00:33:49]} {[%emt
00:00:25]} 26. e7 {[%clk 00:44:03]} {[%emt 00:01:40]} Rg8 {[%clk 00:25:46]}
{[%emt 00:08:13]} 27. Nd6 {[%clk 00:42:21]} {[%emt 00:01:52]} Ne8 {[%clk
00:22:52]} {[%emt 00:03:04]} 28. Nf5+ {[%clk 00:34:12]} {[%emt 00:08:19]} Kf6
{[%clk 00:18:06]} {[%emt 00:04:55]} 29. Rd8 {[%clk 00:31:09]} {[%emt 00:03:13]}
Nc7 {[%clk 00:15:37]} {[%emt 00:02:40]} 30. Rxa8 {[%clk 00:28:57]} {[%emt
00:02:22]} Rxa8 {[%clk 00:14:25]} {[%emt 00:01:22]} 31. Rd1 {[%clk 00:28:09]}
{[%emt 00:00:58]} Ne6 {[%clk 00:12:49]} {[%emt 00:01:46]} 32. Rd6 {[%clk
00:25:49]} {[%emt 00:02:29]} c5 {[%clk 00:12:11]} {[%emt 00:00:49]} 33. h4
{[%clk 00:24:24]} {[%emt 00:01:35]} h5 {[%clk 00:11:12]} {[%emt 00:01:08]} 34.
Ng7 {[%clk 00:23:12]} {[%emt 00:01:23]} Kxg7 {[%clk 00:08:22]} {[%emt
00:03:00]} 35. Rxe6 {[%clk 00:23:12]} {[%emt 00:00:07]} Kf7 {[%clk 00:08:02]}
{[%emt 00:00:30]} 36. Rxe5 {[%clk 00:23:12]} {[%emt 00:00:06]} hxg4 {[%clk
00:08:01]} {[%emt 00:00:11]} 37. Re4 {[%clk 00:21:28]} {[%emt 00:01:54]} Rg8
{[%clk 00:05:39]} {[%emt 00:02:33]} 38. Rxf4+ {[%clk 00:20:22]} {[%emt
00:01:15]} Kxe7 {[%clk 00:05:39]} {[%emt 00:00:07]} 39. Kg2 {[%clk 00:20:22]}
{[%emt 00:00:05]} g3 {[%clk 00:05:11]} {[%emt 00:00:38]} 40. h5 {[%clk
00:19:35]} {[%emt 00:00:58]} Rg5 {[%clk 00:03:55]} {[%emt 00:01:26]} 41. Rh4
{[%clk 00:18:15]} {[%emt 00:01:30]} Kf7 {[%clk 00:03:28]} {[%emt 00:00:37]} 42.
Rh3 {[%clk 00:18:02]} {[%emt 00:00:23]} Rg7 {[%clk 00:01:29]} {[%emt 00:02:09]}
43. Rxg3 {[%clk 00:18:02]} {[%emt 00:00:08]} Rh7 {[%clk 00:01:29]} {[%emt
00:00:03]} 44. Rg5 {[%clk 00:17:12]} {[%emt 00:00:59]} Kf6 {[%clk 00:01:29]}
{[%emt 00:00:12]} 45. Rd5 {[%emt 00:01:15]} 1-0

[Event "2024 National Middle School Championship"]
[Site "Atlanta, Georgia, United States"]
[Date "2024.05.12"]
[Round "6.8"]
[White "Chaudhury, Anmay Kumar"]
[Black "Moorhouse, Will"]
[Result "1-0"]
[TimeControl "G/90;d10"]
[WhiteElo "2030"]
[BlackElo "2162"]

1. e4 {[%clk 01:30:00]} c5 {[%clk 01:28:54]} {[%emt 00:01:17]} 2. Nf3 {[%clk
01:30:00]} {[%emt 00:00:05]} Nc6 {[%clk 01:28:54]} {[%emt 00:00:07]} 3. Bb5
{[%clk 01:30:00]} {[%emt 00:00:04]} e6 {[%clk 01:28:54]} {[%emt 00:00:08]} 4.
O-O {[%clk 01:30:00]} {[%emt 00:00:09]} Nge7 {[%clk 01:28:54]} {[%emt
00:00:05]} 5. Re1 {[%clk 01:30:00]} {[%emt 00:00:06]} a6 {[%clk 01:28:54]}
{[%emt 00:00:06]} 6. Bf1 {[%emt 00:00:13]} d5 {[%clk 01:28:54]} 7. exd5 {[%clk
01:30:00]} {[%emt 00:00:07]} Nxd5 {[%clk 01:28:54]} {[%emt 00:00:06]} 8. d4
{[%clk 01:30:00]} {[%emt 00:00:06]} Nf6 {[%clk 01:28:54]} {[%emt 00:00:08]} 9.
Be3 {[%clk 01:28:58]} {[%emt 00:01:13]} Be7 {[%clk 01:28:40]} {[%emt 00:00:24]}
10. c4 {[%clk 01:28:33]} {[%emt 00:00:34]} O-O {[%clk 01:28:26]} {[%emt
00:00:24]} 11. Nc3 {[%clk 01:28:16]} {[%emt 00:00:28]} cxd4 {[%clk 01:28:22]}
{[%emt 00:00:14]} 12. Nxd4 {[%clk 01:28:16]} {[%emt 00:00:05]} Bd7 {[%clk
01:26:49]} {[%emt 00:01:42]} 13. Nxc6 {[%clk 01:26:52]} {[%emt 00:01:34]} Bxc6
{[%clk 01:26:00]} {[%emt 00:01:00]} 14. Qd3 {[%emt 00:00:11]} Qd7 15. Qxd7
{[%clk 01:26:50]} Rfd8 {[%clk 01:21:49]} {[%emt 00:04:21]} 16. Red1 Rxd7 {[%clk
01:09:47]} 17. Bb6 {[%clk 01:20:29]} {[%emt 00:01:34]} Kf8 {[%clk 01:01:38]}
{[%emt 00:08:18]} 18. f3 {[%clk 01:20:03]} {[%emt 00:00:38]} Ke8 {[%clk
00:55:23]} {[%emt 00:06:25]} 19. Kf2 {[%clk 01:19:46]} {[%emt 00:00:25]} Rxd1
{[%clk 00:48:45]} {[%emt 00:06:50]} 20. Rxd1 {[%clk 01:18:05]} {[%emt
00:01:50]} Nd7 {[%clk 00:48:04]} {[%emt 00:00:52]} 21. Be3 {[%clk 01:18:03]}
{[%emt 00:00:12]} b5 {[%clk 00:44:51]} {[%emt 00:03:22]} 22. a3 {[%clk
01:06:14]} {[%emt 00:11:59]} b4 {[%clk 00:37:58]} {[%emt 00:07:03]} 23. axb4
{[%clk 01:05:22]} {[%emt 00:01:02]} Bxb4 {[%clk 00:37:52]} {[%emt 00:00:16]} 24.
Ne2 {[%clk 01:04:53]} {[%emt 00:00:39]} Ke7 {[%clk 00:24:03]} {[%emt 00:13:58]}
25. Nd4 {[%clk 01:03:06]} {[%emt 00:01:57]} Bb7 {[%clk 00:24:01]} {[%emt
00:00:12]} 26. Nc2 {[%clk 01:03:06]} {[%emt 00:00:10]} Bd6 {[%clk 00:21:42]}
{[%emt 00:02:30]} 27. b4 {[%clk 01:02:08]} {[%emt 00:01:09]} Nf6 {[%clk
00:19:28]} {[%emt 00:02:24]} 28. h4 {[%clk 00:56:27]} {[%emt 00:05:49]} Nd7
{[%clk 00:15:55]} {[%emt 00:03:44]} 29. Rb1 {[%clk 00:48:47]} {[%emt 00:07:50]}
Rc8 {[%clk 00:13:21]} {[%emt 00:02:44]} 30. Nd4 {[%clk 00:44:48]} {[%emt
00:04:10]} Be5 {[%clk 00:08:12]} {[%emt 00:05:19]} 31. Nb3 {[%clk 00:42:49]}
{[%emt 00:02:07]} Rb8 {[%clk 00:06:39]} {[%emt 00:01:45]} 32. Na5 {[%clk
00:42:26]} {[%emt 00:00:33]} Bc3 {[%clk 00:06:09]} {[%emt 00:00:40]} 33. Rb3
{[%clk 00:42:12]} {[%emt 00:00:24]} Bf6 {[%clk 00:05:56]} {[%emt 00:00:23]} 34.
Bc5+ {[%clk 00:40:01]} {[%emt 00:02:20]} Kd8 {[%clk 00:05:35]} {[%emt
00:00:31]} 35. Bd6 {[%clk 00:40:01]} {[%emt 00:00:08]} Bd4+ {[%clk 00:05:08]}
{[%emt 00:00:37]} 36. Ke1 {[%clk 00:39:38]} {[%emt 00:00:32]} Bc8 {[%clk
00:04:46]} {[%emt 00:00:33]} 37. Nc6+ {[%clk 00:39:38]} {[%emt 00:00:08]} Ke8
{[%clk 00:04:46]} {[%emt 00:00:08]} 38. Nxb8 {[%clk 00:39:38]} {[%emt
00:00:02]} Nf6 {[%clk 00:04:46]} {[%emt 00:00:10]} 39. c5 {[%clk 00:39:23]}
{[%emt 00:00:25]} e5 {[%clk 00:04:46]} {[%emt 00:00:06]} 40. b5 {[%clk
00:39:17]} {[%emt 00:00:15]} axb5 {[%clk 00:04:46]} {[%emt 00:00:07]} 41. Bxb5+
{[%clk 00:39:17]} {[%emt 00:00:05]} Kd8 {[%clk 00:04:46]} {[%emt 00:00:10]} 42.
Nc6+ {[%clk 00:39:17]} {[%emt 00:00:05]} Kd7 {[%clk 00:04:46]} {[%emt
00:00:05]} 43. Nxd4+ {[%clk 00:39:17]} {[%emt 00:00:04]} Kd8 {[%clk 00:04:46]}
{[%emt 00:00:03]} 44. Bxe5 {[%clk 00:39:07]} {[%emt 00:00:21]} Ke7 {[%clk
00:04:40]} {[%emt 00:00:15]} 45. Bxf6+ {[%clk 00:39:05]} {[%emt 00:00:12]} Kxf6
{[%clk 00:04:40]} {[%emt 00:00:05]} 46. Bc4 {[%clk 00:39:04]} {[%emt 00:00:11]}
Ke5 {[%clk 00:04:40]} {[%emt 00:00:03]} 47. Nb5 {[%clk 00:38:57]} {[%emt
00:00:17]} Kf4 {[%clk 00:04:40]} {[%emt 00:00:06]} 48. c6 {[%clk 00:38:57]}
{[%emt 00:00:04]} Kg3 {[%clk 00:04:40]} {[%emt 00:00:05]} 49. Nd6 {[%clk
00:38:57]} {[%emt 00:00:05]} Kh2 {[%clk 00:04:38]} {[%emt 00:00:12]} 50. Nxc8
{[%clk 00:38:57]} {[%emt 00:00:06]} Kg1 {[%clk 00:04:38]} {[%emt 00:00:03]} 51.
Nd6 {[%clk 00:38:57]} {[%emt 00:00:07]} 1-0

[Event "2024 National Middle School Championship"]
[Site "Atlanta, Georgia, United States"]
[Date "2024.05.12"]
[Round "6.9"]
[White "Degeest, Rocco Jan"]
[Black "Yue, Tariq"]
[Result "0-1"]
[TimeControl "G/90;d10"]
[WhiteElo "1888"]
[BlackElo "2124"]

1. e4 {[%clk 01:30:00]} c6 {[%clk 01:30:00]} {[%emt 00:00:05]} 2. d4 {[%clk
01:30:00]} {[%emt 00:00:04]} d5 {[%clk 01:30:00]} {[%emt 00:00:04]} 3. f3
{[%clk 01:30:00]} {[%emt 00:00:03]} e6 {[%clk 01:29:44]} {[%emt 00:00:27]} 4.
Nc3 {[%clk 01:30:00]} {[%emt 00:00:07]} Bb4 {[%clk 01:29:44]} {[%emt 00:00:07]}
5. Bf4 {[%clk 01:30:00]} {[%emt 00:00:07]} Ne7 {[%clk 01:27:47]} {[%emt
00:02:06]} 6. a3 {[%clk 01:28:43]} {[%emt 00:01:28]} Bxc3+ {[%clk 01:26:31]}
{[%emt 00:01:26]} 7. bxc3 {[%clk 01:28:43]} {[%emt 00:00:04]} Ng6 {[%clk
01:25:04]} {[%emt 00:01:37]} 8. Qd2 {[%clk 01:26:59]} {[%emt 00:01:54]} Nd7
{[%clk 01:18:28]} {[%emt 00:06:46]} 9. Bd3 {[%clk 01:24:06]} {[%emt 00:03:03]}
dxe4 {[%clk 01:14:33]} {[%emt 00:04:05]} 10. fxe4 {[%clk 01:24:06]} {[%emt
00:00:08]} Nxf4 {[%clk 01:12:19]} {[%emt 00:02:24]} 11. Qxf4 {[%clk 01:24:06]}
{[%emt 00:00:05]} e5 {[%clk 01:12:05]} {[%emt 00:00:24]} 12. Qd2 {[%clk
01:22:37]} {[%emt 00:01:38]} O-O {[%clk 01:08:09]} {[%emt 00:04:07]} 13. Nf3
{[%clk 01:22:16]} {[%emt 00:00:30]} Qb6 {[%clk 01:03:24]} {[%emt 00:04:56]} 14.
O-O {[%clk 01:20:00]} {[%emt 00:02:26]} c5 {[%clk 00:59:29]} {[%emt 00:04:04]}
15. Rab1 {[%clk 01:19:21]} {[%emt 00:00:50]} Qd6 {[%clk 00:59:13]} {[%emt
00:00:25]} 16. Bc4 {[%clk 01:14:46]} {[%emt 00:04:46]} exd4 {[%clk 00:54:50]}
{[%emt 00:04:33]} 17. cxd4 {[%clk 01:14:31]} {[%emt 00:00:24]} cxd4 {[%clk
00:54:27]} {[%emt 00:00:33]} 18. Nxd4 {[%clk 01:11:52]} {[%emt 00:02:50]} Nb6
{[%clk 00:48:53]} {[%emt 00:05:44]} 19. Ba2 {[%clk 01:10:19]} {[%emt 00:01:43]}
Be6 {[%clk 00:43:41]} {[%emt 00:05:22]} 20. c3 {[%clk 01:09:49]} {[%emt
00:00:40]} Bxa2 {[%clk 00:41:15]} {[%emt 00:02:36]} 21. Qxa2 {[%clk 01:09:49]}
{[%emt 00:00:06]} Rae8 {[%clk 00:40:42]} {[%emt 00:00:43]} 22. Rf3 {[%clk
01:06:13]} {[%emt 00:03:46]} Rxe4 {[%emt 00:04:16]} 23. Rbf1 {[%clk 01:06:13]}
Qd5 {[%clk 00:34:56]} {[%emt 00:01:54]} 24. Qf2 {[%clk 01:06:02]} {[%emt
00:00:20]} g6 {[%clk 00:32:20]} {[%emt 00:02:47]} 25. Rg3 {[%clk 01:01:10]}
{[%emt 00:05:03]} Nd7 {[%clk 00:29:26]} {[%emt 00:03:04]} 26. Qd2 {[%clk
00:59:55]} {[%emt 00:01:25]} Rfe8 {[%clk 00:25:28]} {[%emt 00:04:07]} 27. Qh6
{[%clk 00:54:04]} {[%emt 00:06:01]} Re1 {[%clk 00:24:56]} {[%emt 00:00:43]} 28.
Rh3 {[%clk 00:49:36]} {[%emt 00:04:37]} Rxf1+ {[%clk 00:23:53]} {[%emt
00:01:14]} 29. Kxf1 {[%clk 00:49:36]} {[%emt 00:00:06]} Qc4+ {[%clk 00:21:56]}
{[%emt 00:02:07]} 30. Kf2 {[%clk 00:49:33]} {[%emt 00:00:13]} Nf6 {[%clk
00:20:54]} {[%emt 00:01:11]} 31. Qh4 {[%clk 00:48:12]} {[%emt 00:01:32]} Qa2+
{[%clk 00:20:15]} {[%emt 00:00:48]} 32. Kf3 {[%clk 00:46:47]} {[%emt 00:01:36]}
Qd2 {[%clk 00:19:04]} {[%emt 00:01:21]} 33. Qf4 {[%clk 00:43:05]} {[%emt
00:03:52]} Qxc3+ {[%clk 00:18:09]} {[%emt 00:01:06]} 34. Kf2 {[%clk 00:43:05]}
{[%emt 00:00:08]} Qe1+ {[%clk 00:17:41]} {[%emt 00:00:38]} 35. Kf3 {[%clk
00:43:05]} {[%emt 00:00:08]} Qf1+ {[%clk 00:17:16]} {[%emt 00:00:35]} 36. Kg3
{[%clk 00:43:05]} {[%emt 00:00:06]} Ne4+ {[%clk 00:17:13]} {[%emt 00:00:12]} 37.
Qxe4 {[%clk 00:42:36]} {[%emt 00:00:38]} Rxe4 {[%clk 00:17:13]} {[%emt
00:00:09]} 38. Nf3 {[%clk 00:42:36]} {[%emt 00:00:05]} Re2 {[%clk 00:16:56]}
{[%emt 00:00:27]} 39. Nh4 {[%clk 00:42:26]} {[%emt 00:00:20]} Qf2+ {[%clk
00:16:56]} {[%emt 00:00:09]} 40. Kg4 {[%clk 00:42:26]} {[%emt 00:00:07]} Re4+
{[%clk 00:16:53]} {[%emt 00:00:14]} 41. Kg5 {[%clk 00:42:26]} {[%emt 00:00:05]}
Qf4# {[%clk 00:16:53]} {[%emt 00:00:08]} 0-1

[Event "2024 National Middle School Championship"]
[Site "Atlanta, Georgia, United States"]
[Date "2024.05.12"]
[Round "6.10"]
[White "Moina, Lucas"]
[Black "Lee, Rohan"]
[Result "0-1"]
[TimeControl "G/90;d10"]
[WhiteElo "1863"]
[BlackElo "2123"]

1. d4 {[%clk 01:30:00]} {[%emt 00:00:03]} Nf6 {[%clk 01:30:00]} {[%emt
00:00:05]} 2. Nf3 {[%clk 01:29:56]} {[%emt 00:00:15]} d5 {[%clk 01:30:00]}
{[%emt 00:00:05]} 3. c4 {[%clk 01:29:56]} {[%emt 00:00:04]} e6 {[%clk
01:30:00]} {[%emt 00:00:06]} 4. e3 {[%clk 01:29:56]} {[%emt 00:00:09]} Nbd7
{[%clk 01:27:57]} {[%emt 00:02:13]} 5. Nc3 {[%clk 01:28:58]} {[%emt 00:01:08]}
Bb4 {[%clk 01:27:57]} {[%emt 00:00:06]} 6. Qc2 {[%clk 01:26:28]} {[%emt
00:02:41]} O-O {[%clk 01:27:52]} {[%emt 00:00:15]} 7. a3 {[%clk 01:26:15]}
{[%emt 00:00:24]} Bxc3+ {[%clk 01:27:47]} {[%emt 00:00:15]} 8. bxc3 {[%clk
01:26:01]} {[%emt 00:00:24]} Re8 {[%clk 01:26:37]} {[%emt 00:01:19]} 9. Bd3
{[%clk 01:25:24]} {[%emt 00:00:47]} b6 {[%clk 01:25:44]} {[%emt 00:01:04]} 10.
Bb2 {[%clk 01:22:48]} {[%emt 00:02:46]} dxc4 {[%clk 01:24:08]} {[%emt
00:01:44]} 11. Bxc4 {[%clk 01:22:12]} {[%emt 00:00:47]} Bb7 {[%clk 01:24:01]}
{[%emt 00:00:18]} 12. Qe2 {[%clk 01:20:07]} {[%emt 00:02:15]} c5 {[%clk
01:23:00]} {[%emt 00:01:10]} 13. O-O {[%clk 01:18:24]} {[%emt 00:01:53]} Qc7
{[%clk 01:21:55]} {[%emt 00:01:16]} 14. Bd3 {[%clk 01:16:18]} {[%emt 00:02:15]}
Rac8 {[%clk 01:04:28]} {[%emt 00:17:37]} 15. c4 {[%clk 01:08:55]} {[%emt
00:07:33]} Bxf3 {[%clk 00:48:54]} {[%emt 00:15:43]} 16. Qxf3 {[%clk 01:08:07]}
{[%emt 00:00:58]} cxd4 {[%clk 00:48:19]} {[%emt 00:00:45]} 17. exd4 {[%clk
01:07:59]} {[%emt 00:00:18]} e5 {[%clk 00:48:16]} {[%emt 00:00:13]} 18. Rfe1
{[%clk 01:06:12]} {[%emt 00:01:57]} e4 {[%clk 00:48:06]} {[%emt 00:00:21]} 19.
Bxe4 {[%clk 01:06:01]} {[%emt 00:00:20]} Nxe4 {[%clk 00:47:41]} {[%emt
00:00:35]} 20. Rxe4 {[%clk 01:06:01]} {[%emt 00:00:04]} Rxe4 {[%clk 00:46:52]}
{[%emt 00:01:00]} 21. Qxe4 {[%clk 01:06:01]} {[%emt 00:00:02]} Qxc4 {[%clk
00:46:52]} {[%emt 00:00:01]} 22. Qe3 {[%clk 01:03:29]} {[%emt 00:02:42]} Qb5
{[%clk 00:43:53]} {[%emt 00:03:07]} 23. Rc1 {[%clk 00:58:02]} {[%emt 00:05:39]}
Rf8 {[%clk 00:43:49]} {[%emt 00:00:14]} 24. Ba1 {[%clk 00:56:14]} {[%emt
00:01:58]} Nf6 {[%clk 00:40:08]} {[%emt 00:03:51]} 25. Qg3 {[%clk 00:44:06]}
{[%emt 00:12:17]} Nd5 {[%clk 00:35:36]} {[%emt 00:04:43]} 26. Qd6 {[%clk
00:42:57]} {[%emt 00:01:19]} Qa5 {[%clk 00:33:29]} {[%emt 00:02:13]} 27. g3
{[%clk 00:37:33]} {[%emt 00:05:38]} h6 {[%clk 00:29:23]} {[%emt 00:04:16]} 28.
a4 {[%clk 00:24:01]} {[%emt 00:13:44]} Re8 {[%clk 00:25:49]} {[%emt 00:03:43]}
29. Bb2 {[%clk 00:20:43]} {[%emt 00:03:28]} Nf6 {[%clk 00:19:55]} {[%emt
00:06:03]} 30. Qc6 {[%clk 00:19:48]} {[%emt 00:01:05]} Re2 {[%clk 00:15:35]}
{[%emt 00:04:30]} 31. Ba3 {[%clk 00:15:59]} {[%emt 00:04:00]} Ra2 {[%clk
00:13:44]} {[%emt 00:02:01]} 32. Qc8+ {[%clk 00:15:16]} {[%emt 00:00:53]} Kh7
{[%clk 00:13:44]} {[%emt 00:00:07]} 33. Be7 {[%clk 00:13:32]} {[%emt 00:01:54]}
Ne4 {[%clk 00:11:08]} {[%emt 00:02:43]} 34. Rc2 {[%clk 00:08:58]} {[%emt
00:04:46]} Rxa4 {[%clk 00:10:25]} {[%emt 00:00:54]} 35. Bc5 {[%clk 00:07:28]}
{[%emt 00:01:40]} Qe1+ {[%clk 00:09:46]} {[%emt 00:00:49]} 36. Kg2 {[%clk
00:07:28]} Ng5 {[%clk 00:09:30]} {[%emt 00:00:26]} 37. Bd6 {[%clk 00:05:27]}
{[%emt 00:02:11]} Qe4+ {[%clk 00:08:31]} {[%emt 00:01:10]} 38. Kf1 {[%clk
00:05:21]} {[%emt 00:00:14]} Ra1+ {[%clk 00:08:25]} {[%emt 00:00:17]} 39. Rc1
{[%clk 00:05:21]} {[%emt 00:00:05]} Rxc1+ {[%clk 00:08:25]} {[%emt 00:00:05]}
0-1